000 00298nam a22001337a 4500
008 170720b xxu||||| |||| 00| 0 eng d
020 _a0932376207
041 _aeng
080 _a004
100 _a28
101 _aSHKI
245 _aCAMPUS COMPUTING STRATEGIES
_cMCCREDIE, J.W
942 _2udc
_cBK
999 _c21681
_d21681